| 000 | 00444nam a2200181Ia 4500 | ||
|---|---|---|---|
| 005 | 20240927020841.0 | ||
| 008 | 240331s9999 xx 000 0 und d | ||
| 020 | _a063118421X | ||
| 082 |
_bMOR _a801 |
||
| 100 | _aMorris, P | ||
| 245 | 0 |
_aLiterature and feminism : _ban introduction |
|
| 260 |
_aoxford _bBlackwell publishers _c1993 |
||
| 300 | _ax, 217 p ., | ||
| 650 | _aFeminism | ||
| 650 | _aWomen | ||
| 650 | _aLiterature | ||
| 942 | _cL | ||
| 999 |
_c3129 _d3129 |
||